Wszystkie miasta województwa lubuskiego na mapie - Statystyki

Ogólne statystyki
  • Ten quiz został rozwiązany 7 314 razy
    5 578 od ostatniego zresetowania
  • Średni wynik to 20 z 44
Odpowiedzi na mapie
Odpowiedzi zakodowano w zielono-czerwonej skali na mapie do tego quizu, zgodnie z poniższymi procentami.
 
Statystyki odpowiedzi
Miasto % Poprawnych
Zielona Góra
98%
Gorzów Wielkopolski
97%
Żary
76%
Nowa Sól
73%
Świebodzin
72%
Żagań
70%
Słubice
68%
Kostrzyn nad Odrą
66%
Międzyrzecz
65%
Gubin
59%
Drezdenko
58%
Wschowa
58%
Krosno Odrzańskie
57%
Sulęcin
54%
Strzelce Krajeńskie
52%
Sulechów
51%
Babimost
44%
Zbąszynek
44%
Bytom Odrzański
42%
Rzepin
42%
Sława
39%
Skwierzyna
38%
Szprotawa
38%
Lubsko
37%
Ośno Lubuskie
36%
Szlichtyngowa
36%
Czerwieńsk
35%
Kożuchów
35%
Nowogród Bobrzański
35%
Torzym
35%
Witnica
35%
Dobiegniew
34%
Iłowa
34%
Kargowa
32%
Nowe Miasteczko
32%
Cybinka
31%
Jasień
31%
Łęknica
31%
Otyń
31%
Trzciel
30%
Brody
29%
Lubniewice
28%
Małomice
27%
Gozdnica
26%
Nie znaleziono quizów pasujących do podanych kryteriów
Rozkład punktacji
Procent ludzi z każdym wynikiem
Percentyl według liczby udzielonych odpowiedzi
Twoja historia wyników
Nie rozwiązałeś tego quizu od ostatniego zresetowania